| 000 | 01294cam a2200253 4500 | ||
|---|---|---|---|
| 001 | WB3920-09 | ||
| 008 | 030529n2003 000 0 eng u | ||
| 035 | _a(Sirsi) u122466 | ||
| 245 | _aIncrease in new brownfield housing developments | ||
| 260 | _c2003 | ||
| 490 |
_aODPM News Release _v(2003/0099)29 May 2003 (2) |
||
| 520 | _a64% of new dwellings including conversions were built on previously-developed land in 2002 in England according to a provisional estimate just released in "Land use change in England: residential development to 2002". This exceeds the government's 2008 national target of 60% and improves on 63% in 2001 and 61% in 2000. Other 2002 key figures include an average density of 27 new dwellings built per hectare and 56% of land changing to residential use was previously-developed. The statistical release is available at http://www.planning.odpm.gov.uk/lucs18/index.htm . http://www.odpm.gov.uk/pns/DisplayPN.cgi?pn_id=2003_0099 | ||
| 590 | _aWB | ||
| 650 | _aBROWNFIELD LAND | ||
| 650 | _aGREEN BELT LAND | ||
| 650 | _aLAND USE CHANGE | ||
| 650 | _aLAND USE CHANGE STATISTICS | ||
| 650 | _aRESIDENTIAL DEVELOPMENT | ||
| 650 | _aGREEN BELT | ||
| 650 | _aFLOOD RISK AREAS | ||
| 650 | _aNEW DWELLINGS | ||
| 690 | _aHOUSING-DEVELOPMENT | ||
| 942 | _n0 | ||
| 999 |
_c72790 _d72790 |
||